00370nam a2200157Ia 4500001000500000005001700005008004100022041000800063082001500071100003600086245003700122260000900159300002800168650000800196654000800204867420260306160627.0260306t2002||||xx |||||||||||||| ||spa|| aESP a371.3bA49 aÁlvarez de Zayas, CarloseAUT 0aLecciones de didáctica general c2002 a122 páginas :c24 cm. aGEN aCED